000 00776nam a2200241Ia 4500
003 GCL
008 140319s9999 xx 000 0 ara d
040 _aGCL /
_cGCL
082 0 4 _aد
_b050
_bد هـ
245 1 0 _aمعانى القرآن الكريم ( الهلال ديسمبر 2000 )
260 _aالقاهرة :
_bدار الهلال للطباعة والنشر ،
_c2000
650 0 4 _aالقصص العربية
650 0 4 _aالاسلام
650 0 4 _aالترجمة العربية
650 0 4 _aالمسرح
650 0 4 _aالتليفزيون
650 0 4 _aالقدس
650 0 4 _aالمسجد الاقصى
650 0 4 _aالثروة السمكية
650 0 4 _aالقران الكريم
650 0 4 _aالموسيقى العربية
942 _2ddc
_cCR
999 _c6733
_d6733